<?xml version="1.0" encoding="UTF-8"?>
<record
    xmlns:xsi="http://www.w3.org/2001/XMLSchema-instance"
    xsi:schemaLocation="http://www.loc.gov/MARC21/slim http://www.loc.gov/standards/marcxml/schema/MARC21slim.xsd"
    xmlns="http://www.loc.gov/MARC21/slim">

  <leader>00529cam5a220016900 4500</leader>
  <controlfield tag="001">zam00008851</controlfield>
  <controlfield tag="008">970717n        xx                  eng u</controlfield>
  <datafield tag="035" ind1=" " ind2=" ">
    <subfield code="a">(Sirsi) r138851</subfield>
  </datafield>
  <datafield tag="040" ind1=" " ind2=" ">
    <subfield code="d">UPRA</subfield>
  </datafield>
  <datafield tag="245" ind1="0" ind2="0">
    <subfield code="a">Collected evaluation reports of UNICEF assisted projects.</subfield>
  </datafield>
  <datafield tag="260" ind1=" " ind2=" ">
    <subfield code="a">Lusaka :</subfield>
    <subfield code="b">IAS,</subfield>
    <subfield code="c">1985.</subfield>
  </datafield>
  <datafield tag="520" ind1=" " ind2=" ">
    <subfield code="a">Contains evaluation reports of nine UNICEF-assisted projects.</subfield>
  </datafield>
  <datafield tag="650" ind1=" " ind2="4">
    <subfield code="a">Health.</subfield>
    <subfield code="6">S7127.1</subfield>
  </datafield>
  <datafield tag="650" ind1=" " ind2="4">
    <subfield code="a">Zambia -- Health.</subfield>
    <subfield code="x">Zambia -- Health.</subfield>
    <subfield code="6">S75226.1</subfield>
  </datafield>
  <datafield tag="949" ind1="1" ind2="0">
    <subfield code="m">INESOR</subfield>
    <subfield code="t">BOOK</subfield>
    <subfield code="l">ON-SHELF</subfield>
  </datafield>
  <controlfield tag="004">138851</controlfield>
  <datafield tag="999" ind1=" " ind2=" ">
    <subfield code="c">27391</subfield>
    <subfield code="d">27391</subfield>
  </datafield>
</record>
